000 00515nam a22001817a 4500
003 OSt
005 20251206031534.0
008 251206b |||||||| |||| 00| 0 eng d
020 _a780-22200636
040 _aDWC-Main lib.
_cOC
082 _aCirc. 951.156 B422 2008
245 _aBeijing's Siheyuan/
260 _aChina :
_bChina Pictorial Publishing House,
_cc2008.
300 _a103 pages :
_billustrations ;
_c22cm.
650 _a1. China - Beijing.
650 _a2. Travel.
942 _2ddc
_cBK-CIRC
_kCirc.
_n0
999 _c6991
_d6991